Základná umelecká škola

Saved in:
Bibliographic Details
Main Author: Perďochová, Dominika (Author)
Other Authors: Vavrovič, Boris (Thesis advisor)
Format: Manuscript Book
Language:Slovak
Published: 2025
Subjects:
Online Access:http://is.stuba.sk/zp/portal_zp.pl?podrobnosti=181846
CRZP
Tags: Add Tag
No Tags, Be the first to tag this record!

MARC

LEADER 00000ntm a22000003a 4500
001 stuzp105066
003 SK-STU
005 20250730145507.5
007 ta
008 150427s2015----xo-----f-mn---000-0-slo-d
040 |a STU  |b slo 
041 0 |a slo 
100 1 |a Perďochová, Dominika  |u 010180  |4 aut  |U SvF Stavebná fakulta  |T SvF Katedra konštrukcií pozemných stavieb  |X 103930  |U V180  |Y 18  |7 103930 
242 0 1 |a Primary art school  |y eng 
245 1 0 |a Základná umelecká škola 
260 |c 2025 
650 4 |a Elementary Art School  |2 eng 
650 4 |a waterproof concrete  |2 eng 
650 4 |a timber structure  |2 eng 
650 4 |a základná umelecká škola  |2 slo 
650 4 |a drevostavba  |2 slo 
650 4 |a vodostavebný betón  |2 slo 
700 1 |a Vavrovič, Boris  |u 010180  |k Z1  |4 ths  |U SvF Stavebná fakulta  |T SvF Katedra konštrukcií pozemných stavieb  |X 619  |U V180  |Y 18  |7 A000000619 
856 4 |u http://is.stuba.sk/zp/portal_zp.pl?podrobnosti=181846 
856 4 |u https://opac.crzp.sk/?fn=detailBiblioForm&sid=71F69C32541FA509336E7FB0024D  |z CRZP